MARC

LEADER 00000nam0a2200000 4500
001 349772
005 20260318162419.0
035 |a (RuTPU)RU\TPU\retro\2726 
090 |a 349772 
100 |a 20180903d1925 k y0rusy50 ca 
101 0 |a rus 
102 |a RU 
105 |a y z 000zy 
200 1 |a Статьи и речи о профессиональных союзах  |f В. И. Ленин 
210 |a Ленинград  |a Москва  |c Госиздат  |d 1925 
215 |a 167 с. 
225 1 |a Ленинская библиотека 
316 |5 63413507: КР-5718  |a На титульном листе владельческая подпись: "Бутаков" 
317 |5 63413507: КР-5718  |a Поступил в НТБ в 1970 г. в составе книжного собрания профессора ТПИ И. Н. Бутакова 
606 |a Ленин В. И.  |j Письма  |7 ca  |8 rus  |2 stltpush  |3 (RuTPU)RU\TPU\subj\72730  |9 86134 
610 1 |a ленинизм 
610 1 |a профессиональные союзы 
610 1 |a статьи 
610 1 |a речи 
610 1 |a рабочие 
610 1 |a профсоюзы 
610 1 |a библиотека И. Н. Бутакова 
610 1 |a владельческая надпись 
686 |a Т3(2)6-8Ленин154  |v LBC/SL-A  |2 rubbk 
700 1 |a Ленин  |b В. И.  |c настоящая фамилия Ульянов  |c российский политический деятель  |f 1870-1924  |g Владимир Ильич  |2 stltpush  |3 (RuTPU)RU\TPU\pers\1074  |9 486 
801 1 |a RU  |b 63413507  |c 20180903 
801 2 |a RU  |b 63413507  |c 20181228  |g RCR 
942 |c BK